Literatur durch die Jahrhunderte - Statistiken

Allgemein
  • Dieses Quiz wurde 348 mal gespielt
    347 seit der letzten Aktualisierung
  • Das Durchschnittsergebnis liegt bei 12 aus 26
Antwortstatistiken
Hint Antwort % Korrekt
15. Jhd Diese Erfindung Johannes Gutenbergs revolutioniert die Herstellung von Büchern Buchdruck mit beweglichen Lettern
91%
21. Jhd Dieser Zauberlehrling wird zum Titelhelden einer sehr erfolgreichen Buchreihe von Joanne K Rowling Harry Potter
90%
16. Jhd Dieser Schriftsteller, Autor von "Romeo und Julia", "MacBeth" und "Hamlet", wird geboren William Shakespeare
90%
5. Jhd. v. Chr In dieser Stadt leben die bedeutenden Dramatiker Aischylos, Sophokles und Euripides Athen
85%
18. Jhd Goethe und später Schiller ziehen in diese Stadt, nach der eine Literaturepoche benannt wird Weimar
85%
7. Jhd Dieses heilige Buch des Islams wird verfasst Koran
82%
19. Jhd Diese gefühlsbetonte Literaturepoche mit Protagonisten wie Heine, Byron, Novalis und Eichendorff hat seinen Höhepunkt Romantik
81%
20. Jhd Dieser Dramatiker revolutioniert mit Stücken wie "Mutter Courage", "Die Dreigroschenoper" und "Der Gute Mensch von Sechuan" das Theater Berthold Brecht
78%
17. Jhd Miguel de Cervantes verfasst diesen Roman über den "Ritter der traurigen Gestalt" und seinen Begleiter Sancho Pansa Don Quijote
60%
12. Jhd Mittelalterliche Liebeslyrik, welche von Dichtern wie Walther von der Vogelweide oder Ulrich von Liechtenstein verfasst wurde Minnesang
59%
5. Jhd Dieses Buch wird durch Hieronymus als Vulgata ins Lateinische übersetzt Bibel
55%
14. Jhd Buch von Dante Alighieri, in der der Protagonist die Hölle, das Fegefeuer und den Himmel durchreist Die Göttliche Komödie
51%
13. Jhd Auf dieser Insel wird die Edda, eine große Sagensammlung, verfasst Island
47%
3. Jhd Der Philosoph Plotinus schreibt mit seinen "Enneaden" eine Interpretation der Werke dieses griechischen Philosophens Plato
39%
1. Jhd v. Chr. Virgil verfasst ein Buch über diesen trojanischen Helden, der zum Stammvater der Römer wird Aeneas
31%
11. Jhd Alt-Englisches Epos, in dem der titelgebende Held ein Ungeheuer namens Grendel und seine Mutter bekämpft Beowulf
31%
2. Jhd. v. Chr. Diese jüdische Büchersammlung wird mit dem Buch Daniel abgeschlossen Tanach
30%
3. Jhd. v. Chr. Dieser Autor verfasst die Elemente, eines der wichtigsten Bücher über die Mathematik Euklid
29%
9. Jhd Die wichtige Bibliothek und Akadamie das Haus der Weisheit wird in dieser Kalifatshaupstadt eröffnet Bagdad
25%
4. Jhd Dieser Bischof und Autor von Werken wie "Vom Gottesstaat", "Bekenntnisse" und "Über die Dreifaltigkeit" wird geboren Augustinus
21%
4. Jhd. v. Chr. Dieser "Vater der Komödie" und Verfasser von "Lysistrata", "Die Wolken" und "Die Frösche" stirbt Aristophanes
20%
2. Jhd Dieser römische Schriftsteller, Verfasser der "Germania", der "Historien", sowie der "Annalen", stirbt Tacitus
20%
10. Jhd Mit dem Verfassen des Shahnamehs, Geschichte und Nationalepos dieses Landes, wird begonnen Iran
17%
6. Jhd Dieser spätrömische Philosoph verfasst den "Trost der Philosophie", in der das Rad der Fortuna beschrieben wird Boethius
6%
1. Jhd Dieser griechische Schriftsteller verfasst seine Parallelen Biographien jeweils einer römischen und einer griechischen Persönlichkeit Plutarch
6%
8. Jhd Unter dieser Kaiserdynastie erlebt die chinesische Poesie eine Blütephase Tang-Dynastie
4%
Keine übereinstimmenden Quizze gefunden
Verteilung der Resultate
Anzahl Personen mit jedem Resultat
Perzentil nach korrekt beantworteten Fragen
Ihre Resultats-Entwicklung
Sie haben dieses Quiz seit der letzten Aktualisierung nicht gespielt